00310nam a2200109Ia 4500008004100000100001700041245007800058260003000136300000900166942000800175999001700183190216s9999||||xx |||||||||||||| ||und|| aDhingra. I.C 0aSelf Assessment And Objective Type Practical Excersises In Microeconomics bSulthan Chand&Sonsc1987 a108p cREF c36264d36264